00886pam a2200253 a 45000010008000000030005000080050017000130080041000300100017000710200024000880400018001120430012001300500021001420820025001631000033001882450121002212500012003422600059003543000029004135000072004425040051005146500035005657000032006002910048SISC20160401142946.0880411r19881986wiua b 001 0 eng  a 88014437  a0916951162 :c$9.95 aDLCcDLCdDLC an-us---00aKF 240b.W7 198800aHS 340.07b W92 19861 aWren, Christopher G.,d1950-14aThe legal research manual :ba game plan for legal research and analysis /cChristopher G. Wren, Jill Robinson Wren. a2nd ed. aMadison, Wis. :bAdams & Ambrose Pub.,c[1988], c1986. a242 p. :bill. ;c23 cm. aReprint. Originally published: Madison, Wis. : A-R Editions, c1986. aIncludes bibliographical references and index. 0aLegal researchzUnited States.1 aWren, Jill Robinson,d1954-